000 00591nam a2200193Ia 4500
008 140626s9999 xx 000 0 und d
100 _aMorrier, Michael.
245 _aEthnic differences in autism eligibility in the United States public schools /
_cMichael Morrier ... [et al.].
260 _cc2012.
300 _a46 : 1, page 49
440 _aThe Journal of Special Education
521 _aSPED
650 _aAutism spectrum disorder.
650 _aDisproportionate representation.
650 _aEthnicity.
650 _aPreschoolers.
650 _aSchool-aged.
942 _cSE
999 _c120982
_d120982